000
00268nam a22001217a 4500
008
170302b xxu||||| |||| 00| 0 eng d
041
_a
eng
080
_a
616.073
100
_a
6
101
_a
SHM
245
_a
DIAGNOSTIC NEURORADIOLOGY
_c
TAVERAS, J.M
942
_2
udc
_c
BK
999
_c
6552
_d
6552